000 01092nam0a22002771 4500
001 rc\3626557
005 20260406233619.0
035 _a(NLR Aleph) 007720888
090 _a6950013
_c6950013
100 _a20130115d1974 |||y0rusy50 ca
101 0 _arus
102 _aRU
105 _aa b |||||
200 1 _aКаталог выставки
_f[Авт. вступ. статьи и сост. Ю.А. Русаков]
_gГос. Эрмитаж
210 _aЛенинград
_cБ. и.
_d1974
215 _a19, [6] с., 7 л. ил.
_cил.
_d20
225 1 _aАнри Матисс
_iНовые книги
320 _aСписок лит.: с. 14
702 1 _4080
_4220
_7ca
_8rus
_aРусаков
_bЮ. А.
_cискусствовед
_f1926-1995
_gЮрий Александрович
_9243030
_3RU\NLR\AUTH\770243086
710 1 0 _aМатисс,
_gАнри
_hВыставка "Новые книги"
_f1974
_eЛенинград
_3RU\NLR\AUTH\889986934
_9469505
801 0 _aRU
_bNLR
_gpsbo
801 1 _aRU
_bELAR
_2rusmarc
852 _aNLR
_bЭ
_jКП/М-342
942 _cBOOK
980 _aNB